01529nam a2200277 a 4500001001000000005001700010008004100027041000800068044000800076084002100084100004500105245017700150260002800327300002200355500022600377500006800603500025900671500001000930546002400940650005200964650005601016650003401072650004501106700005001151740005001201BRCA_323320190320204158.0060309s1799----enka---###---#000-0#eng-# aeng aenk a534b.C666c17991 aCervantes Saavedra, Miguel ded1547-161610aThe History and Adventures of the Renowned Don QuixotecTranslated from the Spanish of Miguel de Cervantes Saavedra by Smollett to which is Prefixed the Life of the Author. aLondresbC. Cookec1799 a4 v.bil.c15 cm. aContenido : v.1. Primera parte. Vida de Cervantes. Advertencia de Smollett. Prólogo del autor. -- v.2. Texto. -- v.3. Segunda parte. Prólogo del autor. Aprobaciones y licencia de la edición príncipe. -- v.4. Texto aEdición : Cook´s Edition. Embellished with Superb Engravings aOtra edición de la traducción de Smollett, de tamaño menor. Cada tomo lleva una lámina. Linda edición, impresa con tipos pequeños y líneas distanciadas, porque no canse su lectura. Piel; lomos y planos decorados con dorados Lúdovik Osterc aQM430 aTexto en : inglés14aNovela españolayÉpoca clásica, 1500-170014aLiteratura españolayÉpoca clásica, 1500-170014aNovela españolaySiglo XVII14aDon Quijote (Personaje ficticio)eNovela1 aSmollett, Tobias Georged1721-1771eTraductor0 aEl Ingenioso Hidalgo Don Quijote de la Mancha